Aksaray dağarcığı : (Kayıt no. 10115)

MARC ayrıntıları
000 -BAŞLIK
Sabit Uzunluktaki Kontrol Alanı 00720nam a22002057a 4500
003 - KONTROL NUMARASI KİMLİĞİ
Kontrol Alanı KOHA_MİRAKIL
005 - EN SON İŞLEM TARİHİ ve ZAMANI
Kontrol Alanı 20260331112612.0
008 - SABİT UZUNLUKTAKİ VERİ ÖGELERİ - GENEL BİLGİ
Sabit Alan 260331b tu ||||| |||| 00| 0 tur d
040 ## - KATALOGLAMA KAYNAĞI
Özgün Kataloglama Kurumu TR-AnABB
Kataloglama Dili tur
Çeviri Kurumu TR-AnABB
041 ## - DİL KODU
Metin ya da ses kaydının dil kodu tur
082 ## - DEWEY ONU SINIFLAMA SİSTEMİ
Sınıflama Numarası 923.5
Cutter numarası AKS 2016
245 00 - ESER ADI BİLDİRİMİ
Başlık Aksaray dağarcığı :
Alt Eseradı vb. Vali Abdullah Sabri Bey'in Aksaray Notları /
Sorumluluk Bildirimi hazırlayanlar: Zekai Erdal, Mustafa Fırat Gül
260 ## - YAYIN, DAĞITIM, VB.
Yayın Yeri Aksaray:
Yayınevi Aksaray Üniversitesi Yayınları,
Yayın Tarihi 2016
300 ## - FİZİKSEL TANIMLAMA
Sayfa, Cilt vb. 154 sayfa ;
Boyutları 18 cm
650 04 - KONU BAŞLIĞI EK GİRİŞ - KONU TERİMİ
Konusal terim veya coğrafi ad Biyografi, devlet adamları
650 04 - KONU BAŞLIĞI EK GİRİŞ - KONU TERİMİ
Konusal terim veya coğrafi ad Gezi notları, Aksaray
700 1# - EK GİRİŞ - KİŞİ ADI
Yazar Adı (Kişi adı) Erdal, Zekai,
İlişkili Terim hazırlayan
9 (RLIN) 3253
700 1# - EK GİRİŞ - KİŞİ ADI
Yazar Adı (Kişi adı) Gül, Mustafa Fırat,
İlişkili Terim hazırlayan
9 (RLIN) 3254
942 ## - EK GİRİŞ ÖGELERİ (KOHA)
Sınıflama Kaynağı Dewey Decimal Classification
Materyal Türü Kitap
900 ## - YEREL BİLGİ
Kontrol Can ÇELIK
Mevcut
Geri Çekilme Durumu Kayıp Durumu Sınıflandırma Kaynağı Kredi için değil Kalıcı Konum Mevcut Konum Kayıt Tarih Toplam Ödünçverme Yer Numarası Demirbaş Numarası Son Görülme Tarihi Fatura Tarihi Materyal Türü
    Dewey Decimal Classification   Prof. Dr. Ruşen Keleş Kütüphanesi Prof. Dr. Ruşen Keleş Kütüphanesi 31/03/2026   923.5 AKS 2016 RK1131 31/03/2026 31/03/2026 Kitap